000 01200nam a2200301 a 4500
001 20364
003 BD-RjUL
005 20211209000545.0
008 190225s1984 ii a b 001 0 eng d
035 _a(BD-RjUL)20426
040 _aDLC
_cDLC
_dDLC
_dBD-RjUL
_beng
041 _aeng
082 0 0 _a330.954
_bCAM V-1-2 1984
245 0 4 _aThe Cambridge economic history of India /
_cGeneral editors: Dharma Kumar and Tapan Raychaudhuri
250 _aOrient Longman ed. , Indian Reprint ed.
260 _aHyderabad:
_aOrient Longman Ltd. ,
_b1984
300 _a2 v. :
_bill. ;
_c24 cm.
500 _a"For sale only India, Nepal and Bhutan"
504 _aIncludes bibliography and Index
505 0 _aVol. 1: c.1200-c.1750 / edited by Tapan Raychaudhuri and Irfan Habib -- v. 2 : c.1757-c.1970 / edited by Dharma Kumar with the editorial assistance of Meghnad Desai.
651 0 _aIndia
_xEconomic conditions.
_962783
_yc. 1200 - c. 1970
700 1 _aKumar, Dharma, Gen. ed.
_9234734
700 1 _aRaychaudhuri, Tapan, jt. Gen. ed.
_9234735
700 1 _aHabib, Irfan, ed.
_d1931-
_9234736
700 1 _aDesai, Meghnad , Asst.. ed.
_9234737
942 _2ddc
_cBK
999 _c20364
_d20364